000 00917nam a2200301Ia 4500
001 Z_2321
003 CHAP
008 220113s1992 xx 000 0 und d
010 _a165378
040 _cCHAP
090 _aTesis G 830
100 _aGamboa Ramírez, Cesar
_944575
245 _aEngorda de conejos con dietas altas en fibra a base de alfalfa y kochia (Kochia scoparia) (L) (Schrad) /
_cpor Cesar Gamboa Ramírez y Carlos García Chávez
260 _aChapingo, Méx. :
_bEl autor,
_c1992
300 _a58 h.
502 _aTesis (Ing. Agr. Esp. en Zootecnia) -- UACH. Departamento de Zootecnia
650 _aAlfalfa
650 _aConejos
_xEngorda
_926363
650 _aConejos
_xNutrición
_926372
650 _aKochia scoparia
_963592
700 _aGarcía Chávez, Carlos
_945857
901 _aTESIS G 830
902 _aM
910 _a1992
942 _c2
942 _c2
999 _c165378
_d165378